000
00253nam a22001097a 4500
008
240711b |||||||| |||| 00| 0 eng d
100
_a
Narayan, Shyam
_9
16890
245
_a
Rang Rati Lahar
260
_b
Kahani Publication
300
_a
60p.
942
_c
BK
999
_c
40044
_d
40044